MARC

LEADER 00000nam0a2200000 4500
001 251420
005 20231031213517.0
020 |a RU  |b 89-23002 
035 |a (RuTPU)RU\TPU\book\273710 
090 |a 251420 
100 |a 20140221d1989 m y0rusy5003 ca 
101 0 |a rus 
102 |a RU 
105 |a a j 001zy 
200 1 |a Микропроцессорные устройства ЧПУ и гибкая автоматизация оборудования в оптическом приборостроении  |e учебное пособие  |f Б. Э. Шлишевский, А. Н. Соснов, Е. Е. Трифонов  |g Новосибирский институт инженеров геодезии, аэрофотосъемки и картографии (НИИГАиК) 
210 |a Новосибирск  |c Изд-во НИИГАИК  |d 1989 
215 |a 141 с.  |c ил. 
320 |a Библиогр.: с. 140-141 (16 назв.) 
606 1 |a Оптическое приборостроение  |x Автоматизация  |2 stltpush  |3 (RuTPU)RU\TPU\subj\47260 
610 1 |a гибкие производственные системы 
610 1 |a учебные пособия 
610 1 |a ЧПУ 
610 1 |a числовое программное управление 
610 1 |a интерполяция 
610 1 |a программирование 
610 1 |a микропроцессоры 
610 1 |a надежность 
610 1 |a ГПС 
610 1 |a гибкие производственные системы 
675 |a 681.7.02(075.8)  |z rus  |v 3 
700 1 |a Шлишевский  |b Б. Э.  |g Бруно Эдмундович 
701 1 |a Соснов  |b А. Н.  |g Александр Николаевич 
701 1 |a Трифонов  |b Е. Е.  |g Евгений Евгеньевич 
712 0 2 |a Новосибирский институт инженеров геодезии, аэрофотосъемки и картографии (НИИГАиК)  |c (1939-1994)  |2 stltpush  |3 (RuTPU)RU\TPU\col\8121 
801 0 |a RU  |b RuMRKP  |c 19950417  |g psbo 
801 1 |a RU  |b 63413507  |c 20140221 
801 2 |a RU  |b 63413507  |c 20140305  |g RCR 
942 |c BK